Представление документа в формате RUSMARC

ПолеНазваниеЗначение
  Тип записи a
  Библиографический уровень m
001 Контрольный номер 3341441c388a45e188bc4e6e8ad70774
005 Дата корректировки 20190206114906.0
010 Индекс ISBN __
a ISBN 978-5-394-03269-1
d Цена 269 руб.
101 Язык документа 0_
a Язык текста rus
102 Страна публикации __
a Страна публикации RU
200 Заглавие и сведения об ответственности 1_
a Заглавие Методика оценки и факторы повышения качества обслуживания в розничной торговле
e Сведения, относящиеся к заглавию учебное пособие
f Первые сведения об ответственности Е. Ю.Депутатова , А.О. Зверева, С.Б. Ильяшенко
205 Сведения об издании __
a Основные сведения об издании 2-е изд.
210 Выходные данные 1_
a Место издания М.
c Издательство Издательско- торговая корпорация "Дашков и Ко"
d Дата издания 2019
215 Физическое описание __
a Объем 138 с.
610 Ключевые слова 0_
a Ключевые слова подходы к оценке качества торгового обслуживания
a Ключевые слова качество и культура торгового обслуживания и их роль в обеспечении конкурентоспособности розничных торговых предприятий
686 Индексы других классификаций __
a Классификационный индекс 65.422
700 Автор _1
a Фамилия Депутатова Е. Ю.
801 Источник записи _0
a Страна RU
b Организация РУК
g Правила каталогизации PSBO
801 Источник записи _1
a Страна RU
b Организация РУК
g Правила каталогизации PSBO
852 Данные о местонахождении __
i Авторский знак Д 35
901 Тип документа __
t Тип документа m
937 Технологическая информация __
a Создатель записи (имя) Иванова
938 Служебная информация __
a Название организации Краснодарский филиал
952 Тип литературы __
b Гриф литературы для ВШ гриф
c Вид литературы учебное пособие